000 00707cam a22002054a 4500
020 _a0072191783
040 _cDLC
082 0 0 _a005 MCG 2002 A005 Or.
100 1 _aPetersen, Richard,
245 1 0 _aRed Hat Linux :
_bthe complete reference /
250 _a2nd ed.
260 _aNew York :
_bMcGraw-Hill/Osborne,
_cc2002.
300 _axxx, 1117 p. :
_bill. ;
_c23 cm. +
_e2 CD-ROMS (4 3/4 in.)
500 _aIncludes index.
650 0 _aOperating systems (Computers)
856 4 2 _uhttp://www.loc.gov/catdir/description/mh024/2002275126.html
856 4 1 _uhttp://www.loc.gov/catdir/toc/mh023/2002275126.html
856 4 2 _uhttp://www.loc.gov/catdir/enhancements/fy0707/2002275126-b.html
942 _cEK
999 _c12941
_d12941